| 000 | 00345nam a2200133Ia 4500 | ||
|---|---|---|---|
| 008 | 191014s9999 xx 000 0 und d | ||
| 020 | _a0-201-62674-8 | ||
| 082 |
_a523.1 _bKOL |
||
| 100 |
_aEdward W. Kolb, Michael S.Turner _920432 |
||
| 245 | 4 | _aThe Early Universe | |
| 260 |
_aUK _bAddison Wesley _c1990 |
||
| 300 | _aXlii,547 | ||
| 942 | _cBK | ||
| 999 |
_c531014 _d531014 |
||